Identifying the impact of supply chain delays on project completion time (Record no. 108831)
[ view plain ]
| 000 -LEADER | |
|---|---|
| fixed length control field | 02052cad a22003015a 4500 |
| 001 - CONTROL NUMBER | |
| control field | L145596 |
| 008 - FIXED-LENGTH DATA ELEMENTS--GENERAL INFORMATION | |
| fixed length control field | 081024s2008 xxkde f 100 0 eng d |
| 020 ## - INTERNATIONAL STANDARD BOOK NUMBER | |
| International Standard Book Number | 9781842194348 |
| 035 ## - SYSTEM CONTROL NUMBER | |
| System control number | (Sirsi) u145596 |
| 041 0# - LANGUAGE CODE | |
| Language code of text/sound track or separate title | eng |
| 050 04 - LIBRARY OF CONGRESS CALL NUMBER | |
| Classification number | 658.404 $2 18 |
| 100 1# - MAIN ENTRY--PERSONAL NAME | |
| Personal name | Hatmoko, Jati Utomo Dwi |
| 111 2# - MAIN ENTRY--MEETING NAME | |
| Meeting name or jurisdiction name as entry element | Construction and Building Research Conference |
| Location of meeting | Dublin Institute of Technology, Dublin |
| Date of meeting or treaty signing | 4-5 September 2008 |
| 245 00 - TITLE STATEMENT | |
| Title | Identifying the impact of supply chain delays on project completion time |
| Remainder of title | COBRA 2008 |
| -- | Construction and Building Research Conference |
| -- | Dublin Institute of Technology, Dublin, 4-5 September 2008 |
| Medium | [electronic resource] |
| 260 ## - PUBLICATION, DISTRIBUTION, ETC. | |
| Place of publication, distribution, etc. | London |
| Name of publisher, distributor, etc. | RICS |
| Date of publication, distribution, etc. | 2008 |
| 505 2# - FORMATTED CONTENTS NOTE | |
| Formatted contents note | Introduction -- Research methods -- Conclusion -- References |
| 520 ## - SUMMARY, ETC. | |
| Summary, etc. | Conference paper from COBRA RICS Construction and Building Research Conference. Researches the effect of construction supply chain delays on the time of completion of a project. Proper management of construction supply chains is an important factor to successful completion of a project. Uses as research method a mail survey and simulation models tested on Pertmaster Risk ExpertTM. Finds through this simulation, that when all possible chain supply delays are included, the project is delayed by 22 days, which is 20% of the project duration. Delays in material flow also brought major impact on a project. Lists the other most important causes of delays: labour flow, material flow, and information flow. Concludes that problems linked with "plant, equipment and temporary work" have the less impact on a project completion. |
| 521 2# - TARGET AUDIENCE NOTE | |
| Target audience note | Advanced |
| 590 ## - LOCAL NOTE (RLIN) | |
| Local note | KA |
| 650 24 - SUBJECT ADDED ENTRY--TOPICAL TERM | |
| Topical term or geographic name entry element | COBRA |
| 650 24 - SUBJECT ADDED ENTRY--TOPICAL TERM | |
| Topical term or geographic name entry element | CONSTRUCTION AND BUILDING RESEARCH CONFERENCE |
| 651 #4 - SUBJECT ADDED ENTRY--GEOGRAPHIC NAME | |
| Geographic name | United Kingdom |
| Chronological subdivision | |
| 690 ## - LOCAL SUBJECT ADDED ENTRY--TOPICAL TERM (OCLC, RLIN) | |
| Topical term or geographic name as entry element | Project management |
| 9 (RLIN) | 6261 |
| 700 1# - ADDED ENTRY--PERSONAL NAME | |
| Personal name | Scott, Stephen |
| 710 1# - ADDED ENTRY--CORPORATE NAME | |
| Corporate name or jurisdiction name as entry element | Royal Institution of Chartered Surveyors |
| 9 (RLIN) | 4900 |
| 856 48 - ELECTRONIC LOCATION AND ACCESS | |
| Uniform Resource Identifier | <a href="https://www.rics.org/Global/Downloads/IdentifyingImpactSupplyChainCOBRA2008.pdf">https://www.rics.org/Global/Downloads/IdentifyingImpactSupplyChainCOBRA2008.pdf</a> |
| Public note | View the item free of charge at www.rics.org... |
| 942 ## - ADDED ENTRY ELEMENTS (KOHA) | |
| Suppress in OPAC | 0 |
| Withdrawn status | Lost status | Source of classification or shelving scheme | Damaged status | Not for loan | Home library | Current library | Shelving location | Date acquired | Total Checkouts | Full call number | Barcode | Date last seen | Copy number | Price effective from | Koha item type |
|---|---|---|---|---|---|---|---|---|---|---|---|---|---|---|---|
| Dewey Decimal Classification | Virtual | Virtual | Online | 24/10/2008 | ONLINE PUBLICATION | 145596-2001 | 06/08/2019 | 1 | 06/08/2019 | Book |